Normal view
MARC view
- Henry Wang
Entry Personal Name
001 - CONTROL NUMBER
- control field: 29889
003 - CONTROL NUMBER IDENTIFIER
- control field: NUST
005 - DATE AND TIME OF LATEST TRANSACTION
- control field: 20200904111051.0
008 - FIXED-LENGTH DATA ELEMENTS
- fixed length control field: 200904|| aca||aabn | a|a d
040 ## - CATALOGING SOURCE
- Original cataloging agency: NUST
- Transcribing agency: NUST
100 ## - HEADING--PERSONAL NAME
- Personal name: Henry Wang
670 ## - SOURCE DATA FOUND
- Source citation: Work cat.: (NUST): Henry Wang, Soil Processes and Quality Analysis
